000 00671ngm a2200289 a 4500
003 OSt
005 20251020182659.0
008 240217s9999 xx 000 0 und d
040 _aPE SENCICO BE
040 _cPE SENCICO BE
041 _aspa
082 _aJ004
245 0 _aExperiencias con el GPS en Nueva Zelandia /
245 0 _cCANBRIDGE UNIVERSITY
260 _aNueva York
260 _bCANBRIDGE UNIVERSITY
260 _c1999
300 _a1 VIDEO
300 _bson., Col.
300 _c37'
490 _aINFORMACION GEOGRAFICA
511 _aHaines, John
650 _aGPS
650 _aNUEVA ZELANDIA
910 _aila.
942 _cVID
_2ddc
999 _c4782
_d4782